In The Making of an Architect: The Zang Experience (Record no. 4594)

MARC details
000 -LEADER
fixed length control field 00430nam a22001577a 4500
008 - FIXED-LENGTH DATA ELEMENTS--GENERAL INFORMATION
fixed length control field 260305b |||||||| |||| 00| 0 eng d
020 ## - INTERNATIONAL STANDARD BOOK NUMBER
ISBN 9789782905798
100 ## - MAIN ENTRY--AUTHOR
Author Ekundayo A. Adeyemi
245 ## - TITLE STATEMENT
Title In The Making of an Architect: The Zang Experience
260 ## - PUBLICATION, DISTRIBUTION, ETC. (IMPRINT)
Place of publication Ota, Nigeria
Name of publisher Covenant University
Date of publication 2012
300 ## - COLLATION
Pagination x, 203p.
Other physical details illus
650 ## - TRACINGS
Main Subject Biography
942 ## - ADDED ENTRY ELEMENTS (KOHA)
Item type Books
050 ## - LIBRARY OF CONGRESS CALL NUMBER
Classification number NA997
Item number .A34
Holdings
Source of classification or shelving scheme Not for loan Permanent location Current location Date acquired Accession No. Full call number Barcode. Copy number Koha item type
Library of Congress Classification   Samuel Ogbemudia Main Library, University of Abuja Samuel Ogbemudia Main Library, University of Abuja 03/05/2026 2025/69428-29 NA997 .A34 2026-0080 2 Books